| 000 | 00465ntaaa2200181 4500 | ||
|---|---|---|---|
| 003 | 01 | ||
| 005 | 20251027202458.0 | ||
| 008 | 0714s1973 ag 01 | ||
| 040 |
_aAR-BaBN _bspa _cAR-BaBN _eaacr _dRIC |
||
| 082 | _a220.3000 C88 | ||
| 100 | _aCruden, Alexander | ||
| 245 | _aCruden's dictionary of Bible terms | ||
| 250 | _a1 ed. | ||
| 260 |
_aGrand Rapids : _bBaker Book House, _c1958,1964 |
||
| 300 | _a383 p. | ||
| 650 |
_aDiccionario Biblico _93366 |
||
| 942 | _cBK | ||
| 999 |
_c19817 _d19817 |
||